| 000 | 00353nam a22001337a 4500 | ||
|---|---|---|---|
| 008 | 230406b |||||||| |||| 00| 0 eng d | ||
| 020 | _a978-1-4555-5063-0 | ||
| 082 | _a813.54 | ||
| 100 | _aConnelly, Michael | ||
| 245 | _aThe Concrete Blonde (A Harry Bosch Novel) | ||
| 260 |
_bGrand Central Publishing, _c2013 |
||
| 300 |
_a550 p. _c19 cm |
||
| 942 | _2ddc | ||
| 999 |
_c9519 _d9520 |
||